Predhovor

Podrobná bibliografia
Hlavný autor: Šimková, Svatava, 1951- (Autor)
Médium: Článok
Jazyk:slovenčina
ISBN:9788022325356
Predmet:

MARC

LEADER 00000nab a2200000 ar4500
001 vtls010076418
003 SK-MaSNL
005 20260426103855.0
008 100317c2008 xo |r|||||||||000 b|slo
015 |a SNBRA2010/03  |2 snkbucl 
038 |a SNKBUCL 
040 |a SNKBUCL  |b slo  |c SNKBUCL  |e AACR2 
041 0 |a slo 
044 |a xo  |c SK 
080 |a 81`24  |2 2001 
080 |a 378  |x (437.6)  |2 2001 
080 |a 371.3  |2 2001 
100 1 |a Šimková, Svatava,  |d 1951-  |4 aut  |9 193944 
245 1 0 |a Predhovor  |c Svatava Šimková 
630 0 7 |a Philologica. LXI, Lingua academica (zborník)  |2 snkbucl  |9 1602262 
650 0 7 |a cudzie jazyky  |2 snkbucl  |9 69722 
650 0 7 |a nefilologické študijné programy  |2 snkbucl  |9 758865 
650 0 7 |a vysoké školy  |2 snkbucl  |9 1277 
650 0 7 |a vyučovanie jazykov  |2 snkbucl  |9 31418 
651 7 |a Slovensko  |2 snkbucl  |9 14231 
655 7 |a prehľady  |2 snkbucl  |9 70194 
740 0 2 |a Lingua academica (zborník) 
773 0 |t Philologica. LXI, Lingua academica : (zborník príspevkov učiteľov Katedry jazykov FiF UK V Bratislave) : zborník Filozofickej fakulty Univerzity Komenského  |d Bratislava : Univerzita Komenského, 2008  |g S. 5-6  |z 9788022325356 
852 |a SNK  |b KIS3GCP 
958 |a SK 
999 |c 3299656  |d 3301586